| 000 | 02867cam a22003855a 4500 | ||
|---|---|---|---|
| 005 | 20090810235454.0 | ||
| 008 | 090616m2009uuuuii bs 001 0 eng d | ||
| 010 | _aB-365321-329 | ||
| 020 |
_a9788129114884 _c395.00 |
||
| 035 | _aB-365321-329 | ||
| 037 | _bUBH | ||
| 040 |
_adpl _bEnglish |
||
| 082 | _a338.10954 | ||
| 100 | _aVeerappa Moily, M. | ||
| 245 |
_aUnleashing India : _ba roadmap for agrarian wealth creation / _cby M. Veerappa Moily |
||
| 260 |
_aNew Delhi _bRupa & Co _c2009 |
||
| 270 |
_a7/16, Ansari Road, Daryaganj _bNew Delhi _e110002 |
||
| 300 |
_av.1 (xlv,168p.) _c23 cm. (Hb) |
||
| 500 | _aIncludes index. | ||
| 500 | _aIncludes statistical tables. | ||
| 504 | _aIncludes bibliographical references | ||
| 650 |
_aAgriculture _xEconomic aspects _zIndia. |
||
| 650 |
_aAgriculture and state _zIndia. |
||
| 942 |
_2ddc _cEN _mVEE _h338.10954 |
||
| 999 |
_c29418 _d29418 |
||